000 00969nam a2200277Ia 4500
003 OSt
005 20220923211214.0
006 a|||||r|||| 00| 0
007 ta
008 220922b |||||||| |||| 00| 0 hin d
020 _a9788126319442 (hbk)
_c360
024 _a277,896
037 _b251, 24/10/2013, Swaraj Prakashan
_cTextual
040 _aARTS
_cARTS
_bhin
041 _2hin
_ahin
082 _aO152,3N62,IH, Q0
100 _aमाधव, नीरजा
245 0 _aईहामृग
246 _aĪhāmṛuga
260 _aदिल्ली
_b भारतीय ज्ञानपीठ
_c2010
300 _a180पृ.
_ccm.
490 _aलोकोदय ग्रन्थमाला; ग्रन्थांक 1034
650 _aहिन्दी साहित्य
_9156264
942 _hO152,3N62,IH, Q0
_cTEXL
_2CC
999 _c296858
_d296858